000 00728nam a22002057a 4500
003 OSt
005 20230824104418.0
008 221006b |||||||| |||| 00| 0 eng d
040 _cBiblioteca Lado V
082 _a757.4
_bL735d
100 _9970
_aLinares, Diego
_eautor
245 _aDiego Linares/
_bLas más caras/
260 _bCosta Rica
_aCentro Costarricense de la Ciencia y la Cultura
_c2001
300 _c21.5x27.5cm
_a40p.
650 _2Tesauro de Arte & Arquitectura
_aARTE
650 _2Tesauro de Arte & Arquitectura
_aPINTURA
_9702
650 _2Tesauro de Arte & Arquitectura
_aRETRATOS
_9703
650 _2Tesauro de Arte & Arquitectura
_aFIGURAS HUMANAS
942 _2ddc
_c1
_h757.4
_iL735d
_n0
999 _c4213
_d4213